000 00573nam a2200157 a 4500
001 000029645
005 20200930055711.0
008 110419s1998 dr 000 0 spa d
040 _aDO-SdBNP
_bspa
_cBNPHU
082 _axxx
110 1 _aCentro Proveda.
_bCentral de Servicios.
_956455
245 1 0 _aEducación para la vida :
_bEje comemos, nos nutrimos?; propuestas metodológicas/.
260 _aSanto Domingo :
_bSecretaría de Estado de Educación (SEEC) :
_bFondos de las Naciones Unidas para la Infancia (UNICEF),
_c1998.
300 _a37 p. ;
_c27 cm.
049 _aBNPD
999 _c29137
_d29137